| Tag |
First Indicator |
Second Indicator |
Subfields |
| LEADER |
00000cam a2200000I 4500 |
| 001 |
in00000055090 |
| 005 |
20190207093444.0 |
| 008 |
800509s1922 txu 000 0 eng d |
| 035 |
|
|
|a (OCoLC)ocm06302541
|
| 035 |
|
|
|a (OCoLC)06302541
|
| 035 |
|
|
|9 AAH2009AM
|
| 035 |
|
|
|a (OCoLC)6302541
|
| 040 |
|
|
|a TXA
|c TXA
|d OCLCQ
|d TXA
|d UtOrBLW
|
| 049 |
|
|
|a TXAM
|
| 050 |
|
4 |
|a JS935
|b .A15 1922
|
| 092 |
|
|
|a 352.07647
|b H61h, 1918
|
| 110 |
1 |
|
|a Houston (Tex.)
|
| 245 |
1 |
0 |
|a Charter of the city of Houston /
|c compiled and indexed by J.G. Hautier ...
|
| 264 |
|
1 |
|a Houston :
|b City council,
|c 1922.
|
| 300 |
|
|
|a 90, xix pages
|
| 336 |
|
|
|a text
|b txt
|2 rdacontent
|
| 337 |
|
|
|a unmediated
|b n
|2 rdamedia
|
| 338 |
|
|
|a volume
|b nc
|2 rdacarrier
|
| 500 |
|
|
|a The Cushing Library/Chapman Texas Collection copy is part of the Floyd & Louise Chapman Texas & Borderlands Collection.
|5 TXA
|
| 994 |
|
|
|a C0
|b TXA
|
| 999 |
|
|
|a MARS
|
| 999 |
f |
f |
|s ae70b125-17fc-30c9-ab3e-61dddfc2ca97
|i c1165e59-735e-336f-8608-492afc8b3a79
|t 0
|
| 952 |
f |
f |
|p noncirc
|a Texas A&M University
|b College Station
|c Cushing Memorial Library & Archives
|d Cushing: Chapman Texas Collection (Does not check out)
|t 0
|e JS935 .A15 1922
|h Library of Congress classification
|i unmediated -- volume
|
| 998 |
f |
f |
|a JS935 .A15 1922
|t 0
|l Cushing: Chapman Texas Collection (Does not check out)
|